<?xml version="1.0" encoding="UTF-8"?>
<collection xmlns="http://www.loc.gov/MARC21/slim">
 <record>
  <leader>05112nam a22008655i 4500</leader>
  <controlfield tag="001">000682530</controlfield>
  <controlfield tag="003">DE-B1597</controlfield>
  <controlfield tag="005">20210219112914.0</controlfield>
  <controlfield tag="006">m|||||o||d||||||||</controlfield>
  <controlfield tag="007">cr || ||||||||</controlfield>
  <controlfield tag="008">190523s2017    nju    fo  d z      eng d</controlfield>
  <datafield tag="STA" ind1=" " ind2=" ">
   <subfield code="a">NEZPRACOVANÝ IMPORT</subfield>
  </datafield>
  <datafield tag="020" ind1=" " ind2=" ">
   <subfield code="a">9781400889143</subfield>
  </datafield>
  <datafield tag="024" ind1="7" ind2=" ">
   <subfield code="a">10.1515/9781400889143</subfield>
   <subfield code="2">doi</subfield>
  </datafield>
  <datafield tag="035" ind1=" " ind2=" ">
   <subfield code="a">(DE-B1597)501120</subfield>
  </datafield>
  <datafield tag="035" ind1=" " ind2=" ">
   <subfield code="a">(OCoLC)1004848437</subfield>
  </datafield>
  <datafield tag="041" ind1="0" ind2=" ">
   <subfield code="a">eng</subfield>
  </datafield>
  <datafield tag="044" ind1=" " ind2=" ">
   <subfield code="a">nju</subfield>
   <subfield code="c">US-NJ</subfield>
  </datafield>
  <datafield tag="050" ind1=" " ind2="4">
   <subfield code="a">HD87</subfield>
  </datafield>
  <datafield tag="072" ind1=" " ind2="7">
   <subfield code="a">BUS069000</subfield>
   <subfield code="2">bisacsh</subfield>
  </datafield>
  <datafield tag="072" ind1=" " ind2="7">
   <subfield code="a">BUS069030</subfield>
   <subfield code="2">bisacsh</subfield>
  </datafield>
  <datafield tag="082" ind1="0" ind2="4">
   <subfield code="a">338.9</subfield>
   <subfield code="2">23</subfield>
  </datafield>
  <datafield tag="100" ind1="1" ind2=" ">
   <subfield code="a">Tirole, Jean,</subfield>
   <subfield code="e">author.</subfield>
  </datafield>
  <datafield tag="245" ind1="1" ind2="0">
   <subfield code="a">Economics for the Common Good /</subfield>
   <subfield code="c">Jean Tirole.</subfield>
  </datafield>
  <datafield tag="264" ind1=" " ind2="1">
   <subfield code="a">Princeton, NJ :</subfield>
   <subfield code="b">Princeton University Press,</subfield>
   <subfield code="c">[2017]</subfield>
  </datafield>
  <datafield tag="264" ind1=" " ind2="4">
   <subfield code="c">©2018</subfield>
  </datafield>
  <datafield tag="300" ind1=" " ind2=" ">
   <subfield code="a">1 online resource :</subfield>
   <subfield code="b">21 b/w illus. 5 tables.</subfield>
  </datafield>
  <datafield tag="336" ind1=" " ind2=" ">
   <subfield code="a">text</subfield>
   <subfield code="b">txt</subfield>
   <subfield code="2">rdacontent</subfield>
  </datafield>
  <datafield tag="337" ind1=" " ind2=" ">
   <subfield code="a">computer</subfield>
   <subfield code="b">c</subfield>
   <subfield code="2">rdamedia</subfield>
  </datafield>
  <datafield tag="338" ind1=" " ind2=" ">
   <subfield code="a">online resource</subfield>
   <subfield code="b">cr</subfield>
   <subfield code="2">rdacarrier</subfield>
  </datafield>
  <datafield tag="347" ind1=" " ind2=" ">
   <subfield code="a">text file</subfield>
   <subfield code="b">PDF</subfield>
   <subfield code="2">rda</subfield>
  </datafield>
  <datafield tag="505" ind1="0" ind2="0">
   <subfield code="t">Frontmatter --</subfield>
   <subfield code="t">CONTENTS --</subfield>
   <subfield code="t">ACKNOWLEDGMENTS --</subfield>
   <subfield code="t">INTRODUCTION: WHATEVER HAPPENED TO THE COMMON GOOD? --</subfield>
   <subfield code="t">PART I. ECONOMICS AND SOCIETY --</subfield>
   <subfield code="t">ONE. Do You Like Economics? --</subfield>
   <subfield code="t">TWO. The Moral Limits of the Market --</subfield>
   <subfield code="t">PART II. THE ECONOMIST'S PROFESSION --</subfield>
   <subfield code="t">THREE. The Economist in Civil Society --</subfield>
   <subfield code="t">FOUR. The Everyday Life of a Researcher --</subfield>
   <subfield code="t">FIVE. Economics on the Move --</subfield>
   <subfield code="t">PART III. AN INSTITUTIONAL FRAMEWORK FOR THE ECONOMY --</subfield>
   <subfield code="t">SIX. Toward a Modern State --</subfield>
   <subfield code="t">SEVEN. The Governance and Social Responsibility of Business --</subfield>
   <subfield code="t">PART IV. THE GREAT MACROECONOMIC CHALLENGES --</subfield>
   <subfield code="t">EIGHT. The Climate Challenge --</subfield>
   <subfield code="t">NINE. Labor Market Challenges --</subfield>
   <subfield code="t">TEN. Europe at the Crossroads --</subfield>
   <subfield code="t">ELEVEN. What Use Is Finance? --</subfield>
   <subfield code="t">TWELVE. The Financial Crisis of 2008 --</subfield>
   <subfield code="t">PART V. THE INDUSTRIAL CHALLENGE --</subfield>
   <subfield code="t">THIRTEEN. Competition Policy and Industrial Policy --</subfield>
   <subfield code="t">FOURTEEN. How Digitization Is Changing Everything --</subfield>
   <subfield code="t">FIFTEEN. Digital Economies: The Challenges for Society --</subfield>
   <subfield code="t">SIXTEEN. Innovation and Intellectual Property --</subfield>
   <subfield code="t">SEVENTEEN. Sector Regulation --</subfield>
   <subfield code="t">EPILOGUE --</subfield>
   <subfield code="t">NOTES --</subfield>
   <subfield code="t">INDEX</subfield>
  </datafield>
  <datafield tag="520" ind1=" " ind2=" ">
   <subfield code="a">From Nobel Prize-winning economist Jean Tirole, a bold new agenda for the role of economics in societyWhen Jean Tirole won the 2014 Nobel Prize in Economics, he suddenly found himself being stopped in the street by complete strangers and asked to comment on issues of the day, no matter how distant from his own areas of research. His transformation from academic economist to public intellectual prompted him to reflect further on the role economists and their discipline play in society. The result is Economics for the Common Good, a passionate manifesto for a world in which economics, far from being a &quot;dismal science,&quot; is a positive force for the common good.Economists are rewarded for writing technical papers in scholarly journals, not joining in public debates. But Tirole says we urgently need economists to engage with the many challenges facing society, helping to identify our key objectives and the tools needed to meet them.To show how economics can help us realize the common good, Tirole shares his insights on a broad array of questions affecting our everyday lives and the future of our society, including global warming, unemployment, the post-2008 global financial order, the euro crisis, the digital revolution, innovation, and the proper balance between the free market and regulation.Providing a rich account of how economics can benefit everyone, Economics for the Common Good sets a new agenda for the role of economics in society.</subfield>
  </datafield>
  <datafield tag="538" ind1=" " ind2=" ">
   <subfield code="a">Mode of access: Internet via World Wide Web.</subfield>
  </datafield>
  <datafield tag="546" ind1=" " ind2=" ">
   <subfield code="a">In English.</subfield>
  </datafield>
  <datafield tag="588" ind1="0" ind2=" ">
   <subfield code="a">Description based on online resource; title from PDF title page (publisher's Web site, viewed 23. Mai 2019)</subfield>
  </datafield>
  <datafield tag="650" ind1=" " ind2="0">
   <subfield code="a">Common good</subfield>
   <subfield code="x">Economic aspects.</subfield>
  </datafield>
  <datafield tag="650" ind1=" " ind2="0">
   <subfield code="a">Economic policy.</subfield>
  </datafield>
  <datafield tag="650" ind1=" " ind2="0">
   <subfield code="a">Economics.</subfield>
  </datafield>
  <datafield tag="650" ind1=" " ind2="7">
   <subfield code="a">BUSINESS &amp; ECONOMICS / Economics / Theory.</subfield>
   <subfield code="2">bisacsh</subfield>
  </datafield>
  <datafield tag="700" ind1="1" ind2=" ">
   <subfield code="a">Rendall, Steven.</subfield>
  </datafield>
  <datafield tag="773" ind1="0" ind2="8">
   <subfield code="i">Title is part of eBook package:</subfield>
   <subfield code="d">De Gruyter</subfield>
   <subfield code="t">PUP eBook-Package Pilot Project 2017</subfield>
   <subfield code="z">9783110543322</subfield>
  </datafield>
  <datafield tag="856" ind1="4" ind2="0">
   <subfield code="u">https://zdroje.vse.cz/login?url=https://doi.org/10.1515/9781400889143</subfield>
   <subfield code="y">Plný text</subfield>
  </datafield>
  <datafield tag="856" ind1="4" ind2="2">
   <subfield code="u">https://knihovna.vse.cz/zdroje/e-knihy-de-gruyter/?info</subfield>
   <subfield code="y">Informace o práci s e-knihami</subfield>
  </datafield>
  <datafield tag="BAS" ind1=" " ind2=" ">
   <subfield code="a">DG-OWNED</subfield>
  </datafield>
  <datafield tag="BAS" ind1=" " ind2=" ">
   <subfield code="a">EB</subfield>
  </datafield>
  <datafield tag="993" ind1=" " ind2=" ">
   <subfield code="x">NEPOSILAT</subfield>
   <subfield code="y">EB</subfield>
  </datafield>
  <datafield tag="912" ind1=" " ind2=" ">
   <subfield code="a">978-3-11-054332-2 PUP eBook-Package Pilot Project 2017</subfield>
   <subfield code="b">2017</subfield>
  </datafield>
  <datafield tag="912" ind1=" " ind2=" ">
   <subfield code="a">EBA_CL_LAEC</subfield>
  </datafield>
  <datafield tag="912" ind1=" " ind2=" ">
   <subfield code="a">EBA_EBKALL</subfield>
  </datafield>
  <datafield tag="912" ind1=" " ind2=" ">
   <subfield code="a">EBA_ECL_LAEC</subfield>
  </datafield>
  <datafield tag="912" ind1=" " ind2=" ">
   <subfield code="a">EBA_EEBKALL</subfield>
  </datafield>
  <datafield tag="912" ind1=" " ind2=" ">
   <subfield code="a">EBA_ESSHALL</subfield>
  </datafield>
  <datafield tag="912" ind1=" " ind2=" ">
   <subfield code="a">EBA_ESTMALL</subfield>
  </datafield>
  <datafield tag="912" ind1=" " ind2=" ">
   <subfield code="a">EBA_PPALL</subfield>
  </datafield>
  <datafield tag="912" ind1=" " ind2=" ">
   <subfield code="a">EBA_SSHALL</subfield>
  </datafield>
  <datafield tag="912" ind1=" " ind2=" ">
   <subfield code="a">EBA_STMALL</subfield>
  </datafield>
  <datafield tag="912" ind1=" " ind2=" ">
   <subfield code="a">GBV-deGruyter-alles</subfield>
  </datafield>
  <datafield tag="912" ind1=" " ind2=" ">
   <subfield code="a">PDA11SSHE</subfield>
  </datafield>
  <datafield tag="912" ind1=" " ind2=" ">
   <subfield code="a">PDA12STME</subfield>
  </datafield>
  <datafield tag="912" ind1=" " ind2=" ">
   <subfield code="a">PDA13ENGE</subfield>
  </datafield>
  <datafield tag="912" ind1=" " ind2=" ">
   <subfield code="a">PDA14ALL</subfield>
  </datafield>
  <datafield tag="912" ind1=" " ind2=" ">
   <subfield code="a">PDA15STM</subfield>
  </datafield>
  <datafield tag="912" ind1=" " ind2=" ">
   <subfield code="a">PDA16SSH</subfield>
  </datafield>
  <datafield tag="912" ind1=" " ind2=" ">
   <subfield code="a">PDA17SSHEE</subfield>
  </datafield>
  <datafield tag="912" ind1=" " ind2=" ">
   <subfield code="a">PDA18STMEE</subfield>
  </datafield>
  <datafield tag="912" ind1=" " ind2=" ">
   <subfield code="a">PDA1ALL</subfield>
  </datafield>
  <datafield tag="912" ind1=" " ind2=" ">
   <subfield code="a">PDA2</subfield>
  </datafield>
  <datafield tag="912" ind1=" " ind2=" ">
   <subfield code="a">PDA2HUM</subfield>
  </datafield>
  <datafield tag="912" ind1=" " ind2=" ">
   <subfield code="a">PDA3STM</subfield>
  </datafield>
  <datafield tag="912" ind1=" " ind2=" ">
   <subfield code="a">PDA5EBK</subfield>
  </datafield>
  <datafield tag="912" ind1=" " ind2=" ">
   <subfield code="a">PDA7ENG</subfield>
  </datafield>
  <datafield tag="912" ind1=" " ind2=" ">
   <subfield code="a">PDA9PRIN</subfield>
  </datafield>
 </record>
</collection>
